[Event "Pan American-ch School U11 12th"]
[Site "Callao"]
[Date "2023.10.16"]
[Round "1"]
[White "Pujay Blanco, Jerico Gabriel"]
[Black "Vilca Contreras, Dante Ivan"]
[Result "0-1"]
[WhiteElo "1051"]
[BlackElo "1557"]
[PlyCount "83"]
[EventDate "2023.10.16"]
[EventType "swiss"]
[EventRounds "9"]
[EventCountry "PER"]
[SourceTitle "CB48_2023"]
[SourceDate "2023.11.29"]
[SourceVersion "1"]
[SourceVersionDate "2023.11.29"]
[SourceQuality "1"]

1. e4 e5 2. Nf3 Nc6 3. Bb5 a6 4. Bxc6 dxc6 5. Nxe5 Qd4 6. Nf3 Qxe4+ 7. Kf1 Bg4 8. d3 Bxf3 9. Qxf3 Qxf3 10. gxf3 Bd6 11. Nc3 0-0-0 12. b3 Be5 13. Bb2 Nf6 14. Re1 Rhe8 15. Na4 Bxb2 16. Nxb2 Nd5 17. Rxe8 Rxe8 18. c4 Nf4 19. d4 Rd8 20. d5 cxd5 21. cxd5 Rxd5 22. Rg1 Rd2 23. Rg4 g5 24. Rxf4 gxf4 25. Nc4 Rxa2 26. Ne5 Rb2 27. Nxf7 Rxb3 28. h4 a5 29. h5 Rb5 30. h6 Rf5 31. Nh8 Rf8 32. Ng6 hxg6 33. Kg2 Rh8 34. Kh3 Rxh6+ 35. Kg4 Rh5 36. Kxf4 a4 37. Kg4 a3 38. f4 a2 39. f3 a1Q 40. f5 Qd4+ 41. Kg3 Rg5+ 42. Kh3 0-1

[Event "South America-ch Rapid 1st"]
[Site "Lima"]
[Date "2023.09.16"]
[Round "1"]
[White "Leiva Rodriguez, Jeammarco Giuseppe"]
[Black "Vilca Contreras, Dante Ivan"]
[Result "1-0"]
[WhiteElo "2393"]
[BlackElo "1489"]
[PlyCount "125"]
[EventDate "2023.09.16"]
[EventType "swiss (rapid)"]
[EventRounds "9"]
[EventCountry "PER"]
[SourceTitle "EXT 2024"]
[Source "ChessBase"]
[SourceDate "2023.10.10"]
[SourceVersion "1"]
[SourceVersionDate "2023.10.10"]
[SourceQuality "1"]

1. e4 e5 2. Nf3 Nc6 3. Bc4 Bc5 4. 0-0 Nf6 5. d3 d6 6. c3 a6 7. Re1 Ba7 8. Bb3 h6 9. Nbd2 0-0 10. Nf1 Ne7 11. h3 Ng6 12. d4 c6 13. Ng3 Qc7 14. Be3 Re8 15. Qd2 Bd7 16. Bxh6 gxh6 17. Qxh6 d5 18. Nf5 Bxf5 19. exf5 e4 20. Ng5 Qe7 21. fxg6 fxg6 22. Qxg6+ Qg7 23. Qxg7+ Kxg7 24. f3 Kg6 25. h4 Rh8 26. fxe4 Rxh4 27. Nf3 Rf4 28. exd5 cxd5 29. Re7 Rb8 30. Bc2+ Ne4 31. Re1 Kf5 32. Re5+ Kf6 33. Bxe4 dxe4 34. R1xe4 Rxe4 35. Rxe4 b5 36. Kf2 Rg8 37. g4 Bb8 38. d5 Rd8 39. Re6+ Kg7 40. Rxa6 Rxd5 41. Ke3 Bd6 42. Ke4 Rd1 43. Rb6 b4 44. cxb4 Bf8 45. Nd4 Re1+ 46. Kd3 Rd1+ 47. Kc3 Rc1+ 48. Kb3 Rg1 49. Ne6+ Kf7 50. Nxf8 Kxf8 51. a4 Rg3+ 52. Ka2 Rxg4 53. a5 Ke7 54. a6 Rg8 55. a7 Ra8 56. Rb7+ Kd6 57. b5 Kc5 58. b6 Kc6 59. Rb8 Rxb8 60. axb8Q Kd7 61. Qc7+ Ke8 62. b7 Kf8 63. b8Q# 1-0

[Event "South America-ch U10 17th"]
[Site "Guayaquil"]
[Date "2022.01.29"]
[Round "8"]
[White "Coaquira Gonzales, Oscar Adriano"]
[Black "Vilca Contreras, Dante Ivan"]
[Result "1/2-1/2"]
[WhiteElo "1197"]
[BlackElo "1338"]
[PlyCount "74"]
[EventDate "2022.01.25"]
[EventType "swiss"]
[EventRounds "9"]
[EventCountry "ECU"]
[SourceTitle "CBM 206 Extra"]
[Source "ChessBase"]
[SourceDate "2022.03.31"]
[SourceVersion "1"]
[SourceVersionDate "2022.03.31"]
[SourceQuality "1"]

1. e4 e5 2. Nf3 Nc6 3. d4 exd4 4. Nxd4 Nf6 5. Nxc6 bxc6 6. e5 Qe7 7. Qe2 Nd5 8. c4 Ba6 9. b3 g6 10. Bb2 Bg7 11. g3 0-0 12. Bg2 d6 13. 0-0 Bxe5 14. Bxe5 dxe5 15. Re1 Qd7 16. Qd2 Nb6 17. Qxd7 Nxd7 18. Bxc6 Rad8 19. Nc3 Nb8 20. Bg2 f6 21. Nd5 Rd7 22. Bh3 Rg7 23. Rad1 Bb7 24. Be6+ Kh8 25. Nxf6 Re7 26. Nd7 Nxd7 27. Bxd7 Bc8 28. Bxc8 Rxc8 29. Rd5 Rce8 30. Ra5 c6 31. Rc5 Re6 32. b4 Kg7 33. b5 cxb5 34. cxb5 Kf6 35. a4 a6 36. bxa6 Rxa6 37. a5 g5 1/2-1/2

[Event "South America-ch U10 17th"]
[Site "Guayaquil"]
[Date "2022.01.28"]
[Round "5"]
[White "Sanchez Velez, Alex Leonardo"]
[Black "Vilca Contreras, Dante Ivan"]
[Result "0-1"]
[WhiteElo "1082"]
[BlackElo "1338"]
[PlyCount "82"]
[EventDate "2022.01.25"]
[EventType "swiss"]
[EventRounds "9"]
[EventCountry "ECU"]
[SourceTitle "CBM 206 Extra"]
[Source "ChessBase"]
[SourceDate "2022.03.31"]
[SourceVersion "1"]
[SourceVersionDate "2022.03.31"]
[SourceQuality "1"]

1. e4 e5 2. Nf3 Nc6 3. Bc4 Bc5 4. 0-0 Nf6 5. d3 d6 6. h3 h6 7. Nbd2 0-0 8. Re1 Ne7 9. Nf1 Ng6 10. Ng3 Bd7 11. c3 Re8 12. a4 a6 13. Be3 Ba7 14. Bxa7 Rxa7 15. d4 Bc6 16. d5 Bd7 17. Bd3 Nf4 18. Ne2 N6h5 19. Nxf4 Nxf4 20. Kh2 Qc8 21. Ng1 f5 22. exf5 Bxf5 23. Bxf5 Qxf5 24. Ne2 Nd3 25. Ng3 Qg6 26. Re2 Rf8 27. f3 Nf4 28. Rd2 h5 29. Qc2 Qxc2 30. Rxc2 h4 31. Ne4 Nxd5 32. Rd1 Ne3 33. Rcd2 Nxd1 34. Rxd1 b5 35. a5 Raa8 36. Ng5 Rfe8 37. Re1 Rad8 38. Rd1 c6 39. b4 g6 40. g3 hxg3+ 41. Kxg3 Kg7 0-1

[Event "South America-ch U10 17th"]
[Site "Guayaquil"]
[Date "2022.01.26"]
[Round "2"]
[White "Vilca Contreras, Dante Ivan"]
[Black "Cajamarca Gordillo, Sebastian Alejandro"]
[Result "1-0"]
[WhiteElo "1338"]
[BlackElo "1260"]
[PlyCount "81"]
[EventDate "2022.01.25"]
[EventType "swiss"]
[EventRounds "9"]
[EventCountry "ECU"]
[SourceTitle "CBM 206 Extra"]
[Source "ChessBase"]
[SourceDate "2022.03.31"]
[SourceVersion "1"]
[SourceVersionDate "2022.03.31"]
[SourceQuality "1"]

1. d4 Nf6 2. c4 c5 3. d5 b5 4. Qc2 bxc4 5. e4 d6 6. Bxc4 g6 7. Nf3 Bg7 8. 0-0 Nbd7 9. h3 0-0 10. Bf4 Rb8 11. Nc3 Nb6 12. Be2 Nfd7 13. Rad1 Bb7 14. Rfe1 Qc8 15. Qc1 Re8 16. Bb5 a6 17. Bxd7 Nxd7 18. e5 dxe5 19. Nxe5 Nxe5 20. Bxe5 Bxe5 21. Rxe5 Qc7 22. Qe3 Rbd8 23. f4 f6 24. Re6 Rd6 25. Rxd6 Qxd6 26. Ne4 Qb6 27. b4 Kg7 28. bxc5 Qa7 29. Nd6 exd6 30. Qxe8 Qxc5+ 31. Kh1 Bxd5 32. Qe7+ Bf7 33. Qxd6 Qc2 34. Rd2 Qb1+ 35. Kh2 Bxa2 36. Qxa6 Bf7 37. Qd6 Qf1 38. Rc2 Qb5 39. Rc7 Qb3 40. Rc8 g5 41. f5 1-0

[Event "South America-ch U10 17th"]
[Site "Guayaquil"]
[Date "2022.01.25"]
[Round "1"]
[White "Krishan Rani, Tanish Aditya"]
[Black "Vilca Contreras, Dante Ivan"]
[Result "0-1"]
[WhiteElo "1144"]
[BlackElo "1338"]
[PlyCount "70"]
[EventDate "2022.01.25"]
[EventType "swiss"]
[EventRounds "9"]
[EventCountry "ECU"]
[SourceTitle "CBM 206 Extra"]
[Source "ChessBase"]
[SourceDate "2022.03.31"]
[SourceVersion "1"]
[SourceVersionDate "2022.03.31"]
[SourceQuality "1"]

1. d4 d5 2. Nf3 Nf6 3. c4 c6 4. Nc3 e6 5. Bg5 Nbd7 6. h3 Qa5 7. a3 Ne4 8. Qc2 Nxg5 9. Nxg5 dxc4 10. Nf3 c5 11. e3 cxd4 12. exd4 b5 13. b4 Bxb4 14. Kd2 Bxc3+ 15. Qxc3 Qxc3+ 16. Kxc3 Bb7 17. Be2 Ke7 18. Rab1 a6 19. a4 Bc6 20. axb5 axb5 21. Ra1 Nf6 22. Rab1 Ne4+ 23. Kc2 Nxf2 24. Rhf1 Be4+ 25. Kb2 Bxb1 26. Kxb1 Ne4 27. Ne5 Nd2+ 28. Kc2 Nxf1 29. Bxf1 Rhc8 30. Kc3 f6 31. Ng4 Ra3+ 32. Kb4 Rb3+ 33. Ka5 Rb8 34. Nf2 b4 35. Ka4 Ra3# 0-1

[Event "Hibrido del Sur op U2200"]
[Site "Porlamar"]
[Date "2021.08.28"]
[Round "5"]
[White "Rojas Salas, Rihanna Irina"]
[Black "Vilca Contreras, Dante Ivan"]
[Result "0-1"]
[WhiteElo "1018"]
[BlackElo "1165"]
[PlyCount "102"]
[EventDate "2021.08.27"]
[EventType "swiss"]
[EventRounds "7"]
[EventCountry "VEN"]
[SourceTitle "EXT 2023"]
[Source "ChessBase"]
[SourceDate "2022.10.05"]
[SourceVersion "1"]
[SourceVersionDate "2022.10.05"]
[SourceQuality "1"]

1. e4 e5 2. Nf3 Nc6 3. Bc4 Bc5 4. c3 Nf6 5. d3 d6 6. 0-0 Bg4 7. Nbd2 a6 8. b4 Ba7 9. Qb3 0-0 10. a4 h6 11. h3 Bh5 12. Nh4 Nxe4 13. Nxe4 Qxh4 14. Be3 Bg6 15. Nd2 Qe7 16. Nf3 e4 17. dxe4 Bxe4 18. Nd2 Bg6 19. Rfe1 Qd7 20. b5 Na5 21. Qd1 Nxc4 22. Nxc4 Bxe3 23. Rxe3 Qd8 24. Rg3 axb5 25. axb5 Rxa1 26. Qxa1 Qa8 27. Qd1 Qa2 28. Qd5 Qb1+ 29. Kh2 Qe4 30. Ne3 Re8 31. Qb3 Kh7 32. Qb2 Re5 33. c4 f5 34. Nd5 Qxc4 35. Ne3 Qxb5 36. Qd2 f4 37. Ng4 fxg3+ 38. fxg3 Re2 39. Qf4 Qb2 40. Ne3 Qe5 41. Qf3 Qxe3 42. Qxe3 Rxe3 43. h4 b5 44. Kh3 b4 45. Kh2 b3 46. Kh3 b2 47. Kh2 b1Q 48. h5 Qf5 49. hxg6+ Kxg6 50. g4 Qf4+ 51. Kh1 Re1# 0-1

[Event "Hibrido del Sur op U2200"]
[Site "Porlamar"]
[Date "2021.08.27"]
[Round "1"]
[White "Hernandez Mora, Ulises Jose"]
[Black "Vilca Contreras, Dante Ivan"]
[Result "1/2-1/2"]
[WhiteElo "1761"]
[BlackElo "1165"]
[PlyCount "73"]
[EventDate "2021.08.27"]
[EventType "swiss"]
[EventRounds "7"]
[EventCountry "VEN"]
[SourceTitle "EXT 2023"]
[Source "ChessBase"]
[SourceDate "2022.10.05"]
[SourceVersion "1"]
[SourceVersionDate "2022.10.05"]
[SourceQuality "1"]

1. d4 d5 2. Bf4 Nf6 3. e3 Bf5 4. Nd2 e6 5. Ngf3 Nbd7 6. Be2 c5 7. c3 Be7 8. 0-0 0-0 9. Bg3 c4 10. Ne5 Nxe5 11. dxe5 Ne4 12. Nf3 Nxg3 13. hxg3 Qc7 14. b3 cxb3 15. Qxb3 Rfc8 16. Rac1 Rab8 17. c4 dxc4 18. Bxc4 Qa5 19. a4 Qb4 20. Qa2 Rc5 21. Nd4 Rxe5 22. Nxf5 Rxf5 23. Rb1 Qa3 24. Qe2 Ra5 25. Bb5 a6 26. Qd2 b6 27. Bc6 Qd6 28. Qxd6 Bxd6 29. Rfd1 Bc5 30. Rd7 b5 31. axb5 axb5 32. Rbd1 b4 33. Be4 g6 34. Rc7 Bb6 35. Rc6 Rc5 36. Rcd6 b3 37. Rb1 1/2-1/2

[Event "Nonalaya Ricardo Online op"]
[Site "Chess.com INT"]
[Date "2020.07.19"]
[Round "6"]
[White "Vilca Contreras, Dante Ivan"]
[Black "Calleja Morales, Miguel Angel"]
[Result "0-1"]
[WhiteElo "1150"]
[BlackElo "2043"]
[PlyCount "86"]
[EventDate "2020.07.19"]
[EventType "swiss (blitz)"]
[EventRounds "9"]
[EventCountry "PER"]
[SourceTitle "CBM 197 Extra"]
[Source "ChessBase"]
[SourceDate "2020.09.30"]
[SourceVersion "1"]
[SourceVersionDate "2020.09.30"]
[SourceQuality "1"]

1. d4 Nf6 2. c4 e6 3. Nc3 Bb4 4. e3 Bxc3+ 5. bxc3 b6 6. Bd3 Bb7 7. f3 d6 8. e4 Nh5 9. Ne2 Qh4+ 10. g3 Qe7 11. Nf4 Nxf4 12. Bxf4 0-0 13. 0-0 Nd7 14. Be3 f5 15. Qc2 fxe4 16. Bxe4 d5 17. Bxh7+ Kh8 18. cxd5 exd5 19. Bd2 Nf6 20. Bd3 Nd7 21. Rae1 Qf6 22. f4 c5 23. Be3 c4 24. Be2 Rae8 25. Bf3 Re7 26. Bf2 Rfe8 27. Rxe7 Rxe7 28. Re1 Nf8 29. Rxe7 Qxe7 30. Qe2 Qxe2 31. Bxe2 Kg8 32. Bf3 Kf7 33. g4 g6 34. Kf1 Ne6 35. Bg3 a5 36. Ke2 b5 37. a3 Nd8 38. Ke3 Nc6 39. Bxd5+ Ke7 40. f5 gxf5 41. gxf5 b4 42. axb4 axb4 43. cxb4 c3 0-1